[Event "Medellin Aristizabal Cup"]
[Site "Medellin"]
[Date "2022.07.10"]
[Round "4"]
[White "Toro Cadavid, John Edison"]
[Black "Sierra Mejia, Juan Pablo"]
[Result "1-0"]
[WhiteElo "1932"]
[BlackElo "2175"]
[PlyCount "63"]
[EventDate "2022.07.08"]
[EventType "swiss"]
[EventRounds "7"]
[EventCountry "COL"]
[SourceTitle "CBM 209 Extra"]
[Source "ChessBase"]
[SourceDate "2022.09.30"]
[SourceVersion "1"]
[SourceVersionDate "2022.09.30"]
[SourceQuality "1"]

1. e4 e5 2. Nf3 Nc6 3. Bb5 g6 4. 0-0 Bg7 5. c3 a6 6. Ba4 b5 7. Bc2 Nge7 8. d4 exd4 9. cxd4 0-0 10. d5 Na5 11. d6 cxd6 12. Nc3 Bb7 13. Bg5 h6 14. Bh4 g5 15. Bg3 Nc4 16. Rb1 b4 17. Ne2 Rc8 18. Nfd4 Qb6 19. h4 g4 20. Kh2 Rfe8 21. a3 a5 22. axb4 axb4 23. Qd3 Ng6 24. f3 Nge5 25. Bxe5 Bxe5+ 26. Kh1 Ba6 27. fxg4 Na3 28. Qf3 Nxc2 29. Qxf7+ Kh8 30. Rf6 Bxf6 31. Qxf6+ Kh7 32. Nf5 1-0

[Event "Medellin Aristizabal Cup"]
[Site "Medellin"]
[Date "2019.06.24"]
[Round "7"]
[White "Ruiz Agudelo, Jeronimo"]
[Black "Toro Cadavid, John Edison"]
[Result "0-1"]
[WhiteElo "1290"]
[BlackElo "1919"]
[PlyCount "70"]
[EventDate "2019.06.21"]
[EventType "swiss"]
[EventRounds "7"]
[EventCountry "COL"]
[SourceTitle "EXT 2020"]
[Source "ChessBase"]
[SourceDate "2019.10.17"]
[SourceVersion "1"]
[SourceVersionDate "2019.10.17"]
[SourceQuality "1"]

1. e4 c5 2. Nf3 Nc6 3. d4 cxd4 4. Nxd4 Nf6 5. Nc3 e5 6. Ndb5 d6 7. Bg5 a6 8. Na3 b5 9. Nd5 Be7 10. Bxf6 Bxf6 11. c3 Rb8 12. Nc2 Bg5 13. Be2 0-0 14. 0-0 a5 15. Qd3 f5 16. Bf3 f4 17. Nxf4 Rxf4 18. Qd5+ Kh8 19. Qxc6 Rxf3 20. gxf3 Bf4 21. Rfd1 Bh3 22. Ne3 Qg5+ 23. Kh1 Qh5 24. Ng2 Bd7 25. Nxf4 Qxf3+ 26. Ng2 Bxc6 27. Rxd6 Bxe4 28. Rg1 h5 29. Re6 h4 30. Rxe5 h3 31. Rxe4 Qxe4 32. f3 Qxf3 33. b3 Rd8 34. a3 hxg2+ 35. Rxg2 Rd1# 0-1

[Event "Medellin Aristizabal Cup"]
[Site "Medellin"]
[Date "2019.06.24"]
[Round "6"]
[White "Toro Cadavid, John Edison"]
[Black "Lopez Posada, Nelson Eduardo"]
[Result "1-0"]
[WhiteElo "1919"]
[BlackElo "1680"]
[PlyCount "91"]
[EventDate "2019.06.21"]
[EventType "swiss"]
[EventRounds "7"]
[EventCountry "COL"]
[SourceTitle "EXT 2020"]
[Source "ChessBase"]
[SourceDate "2019.10.17"]
[SourceVersion "1"]
[SourceVersionDate "2019.10.17"]
[SourceQuality "1"]

1. e4 g6 2. d4 Bg7 3. Nc3 d6 4. f4 e6 5. Nf3 a6 6. Bd3 Ne7 7. 0-0 0-0 8. Ne2 d5 9. e5 b6 10. g4 f5 11. exf6 Bxf6 12. g5 Bg7 13. Ne5 Nd7 14. Ng3 c5 15. c3 Nxe5 16. fxe5 Nf5 17. Nxf5 exf5 18. Qf3 Be6 19. Be3 c4 20. Be2 b5 21. Qg2 Qd7 22. h4 Bf7 23. Rf3 a5 24. Bd2 Rab8 25. a3 Rfe8 26. Raf1 Bf8 27. h5 b4 28. hxg6 Bxg6 29. axb4 axb4 30. Rh3 Be7 31. Bf3 Red8 32. Ra1 bxc3 33. Bxc3 Bb4 34. Ra6 Bxc3 35. bxc3 Rb1+ 36. Kf2 Rb2+ 37. Be2 Rdb8 38. Rxg6+ hxg6 39. Qh1 Rxe2+ 40. Kxe2 Rb2+ 41. Kf3 Qa4 42. Rh8+ Kf7 43. Qh7+ Ke6 44. Qg8+ Kd7 45. Qc8+ Ke7 46. Qd8+ 1-0

[Event "Medellin Aristizabal Cup"]
[Site "Medellin"]
[Date "2019.01.26"]
[Round "7"]
[White "Toro Cadavid, John Edison"]
[Black "Ospina Castro, Santiago"]
[Result "1-0"]
[WhiteElo "1866"]
[BlackElo "1945"]
[PlyCount "91"]
[EventDate "2019.01.24"]
[EventType "swiss"]
[EventRounds "7"]
[EventCountry "COL"]
[SourceTitle "EXT 2020"]
[Source "ChessBase"]
[SourceDate "2019.10.17"]
[SourceVersion "1"]
[SourceVersionDate "2019.10.17"]
[SourceQuality "1"]

1. e4 e6 2. d3 d5 3. Nd2 Nf6 4. Ngf3 Nc6 5. e5 Nd7 6. d4 f6 7. exf6 Qxf6 8. c3 Bd6 9. Bd3 e5 10. dxe5 Ncxe5 11. Be2 0-0 12. 0-0 c6 13. c4 Nxf3+ 14. Nxf3 Nb6 15. cxd5 Nxd5 16. Bc4 Bg4 17. Bxd5+ cxd5 18. Qxd5+ Kh8 19. Qxb7 Bxf3 20. Qxf3 Bxh2+ 21. Kxh2 Qa6 22. Qd1 Rad8 23. Qe1 Rd5 24. Rh1 Qd6+ 25. g3 Qb6 26. Be3 Qxb2 27. Kg1 Qf6 28. Rd1 Rb5 29. Qe2 a6 30. Bd4 Qg6 31. Qd3 Rbf5 32. Rh4 Kg8 33. Rb1 Qf7 34. g4 g5 35. Qxf5 Qxf5 36. gxf5 gxh4 37. f6 Rd8 38. Bc5 Rc8 39. Be7 Kf7 40. Rb6 Rc1+ 41. Kg2 h3+ 42. Kxh3 Rc2 43. Rxa6 Rxf2 44. a4 Ra2 45. a5 Ra3+ 46. Bxa3 1-0

[Event "Medellin Aristizabal Cup"]
[Site "Medellin"]
[Date "2019.01.24"]
[Round "3"]
[White "Toro Cadavid, John Edison"]
[Black "Lopez Guarin, Simon"]
[Result "1-0"]
[WhiteElo "1866"]
[BlackElo "1549"]
[PlyCount "49"]
[EventDate "2019.01.24"]
[EventType "swiss"]
[EventRounds "7"]
[EventCountry "COL"]
[SourceTitle "EXT 2020"]
[Source "ChessBase"]
[SourceDate "2019.10.17"]
[SourceVersion "1"]
[SourceVersionDate "2019.10.17"]
[SourceQuality "1"]

1. e4 e5 2. Nf3 Nc6 3. Bb5 a6 4. Ba4 Bc5 5. d3 Nf6 6. Qe2 b5 7. Bb3 d6 8. c3 Bg4 9. h3 Bh5 10. g4 Bg6 11. Bg5 h5 12. Bxf6 Qxf6 13. Bd5 Kd7 14. g5 Qf4 15. h4 Raf8 16. Nbd2 Ne7 17. Bb3 f5 18. 0-0-0 fxe4 19. dxe4 Nc6 20. Kb1 Bxf2 21. Bc2 Bb6 22. Rhf1 Qg4 23. a4 b4 24. Nc4 Rb8 25. Nfxe5+ 1-0

[Event "Antioquia op-B"]
[Site "Medellin"]
[Date "2017.04.29"]
[Round "4"]
[White "Toro Cadavid, John Edison"]
[Black "Guerra, Francisco Anibal"]
[Result "1/2-1/2"]
[WhiteElo "1950"]
[BlackElo "1819"]
[PlyCount "101"]
[EventDate "2017.04.27"]
[EventType "swiss"]
[EventRounds "7"]
[EventCountry "COL"]
[SourceTitle "EXT 2019"]
[Source "ChessBase"]
[SourceDate "2018.10.10"]
[SourceVersion "1"]
[SourceVersionDate "2018.10.10"]
[SourceQuality "1"]

1. e4 c5 2. Nf3 d6 3. c3 Nf6 4. Bd3 Bg4 5. Bc2 Nc6 6. d3 e5 7. Nbd2 Be7 8. h3 Bh5 9. Nf1 0-0 10. g4 Bg6 11. Ng3 d5 12. Qe2 Qd7 13. Ba4 Qc7 14. g5 dxe4 15. dxe4 Nh5 16. Nf5 Rfe8 17. N3h4 Bf8 18. Qg4 Nf4 19. Nxg6 hxg6 20. Ne3 Nd3+ 21. Kf1 Rad8 22. Nd5 Qa5 23. Bb3 b5 24. a3 Nd4 25. Bd1 Ne6 26. h4 Nef4 27. Bxf4 Nxf4 28. b4 cxb4 29. cxb4 Qa6 30. Nxf4 exf4 31. Qxf4 Qb7 32. Bf3 Qe7 33. h5 gxh5 34. Rxh5 g6 35. Rh3 Qe5 36. Qxe5 Rxe5 37. Rg3 Be7 38. Rc1 Rd3 39. Be2 Rxg3 40. fxg3 Bxg5 41. Rc7 Be3 42. Bd3 Kg7 43. Ke2 Bb6 44. Rb7 Kf6 45. Kf3 Ke6 46. Bc2 f6 47. Bb3+ Kd6 48. Bd5 f5 49. Rg7 g5 50. Rg6+ Ke7 51. Rg7+ 1/2-1/2

[Event "Medellin Construct op"]
[Site "Medellin"]
[Date "2017.01.26"]
[Round "2"]
[White "Toro Cadavid, John Edison"]
[Black "Lopez Cardona, Diego"]
[Result "0-1"]
[WhiteElo "1948"]
[BlackElo "1600"]
[PlyCount "52"]
[EventDate "2017.01.25"]
[EventType "swiss"]
[EventRounds "7"]
[EventCountry "COL"]
[SourceTitle "CBM 176 Extra"]
[Source "ChessBase"]
[SourceDate "2017.03.02"]
[SourceVersion "1"]
[SourceVersionDate "2017.03.02"]
[SourceQuality "1"]

1. e4 c5 2. Nf3 e6 3. d3 Nc6 4. Nbd2 d6 5. g3 Nf6 6. Bg2 Be7 7. 0-0 0-0 8. b3 e5 9. Bb2 Qc7 10. h3 Re8 11. Re1 Bd7 12. c3 Rad8 13. d4 exd4 14. cxd4 Nxd4 15. Nxd4 cxd4 16. Rc1 Qa5 17. Nc4 Qg5 18. Qxd4 Bc6 19. Nd2 Nh5 20. Nf3 Qg6 21. e5 Bxf3 22. Bxf3 dxe5 23. Qxe5 Nf6 24. Bxb7 Bb4 25. Red1 Rxd1+ 26. Rxd1 Rxe5 0-1

[Event "Medellin Segunda Antioquia op"]
[Site "Medellin"]
[Date "2016.04.17"]
[Round "6.15"]
[White "Vargara, Carlos"]
[Black "Toro Cadavid, John Edison"]
[Result "0-1"]
[WhiteElo "1609"]
[BlackElo "1978"]
[PlyCount "84"]
[EventDate "2016.04.13"]
[EventType "swiss"]
[EventRounds "7"]
[EventCountry "COL"]
[SourceTitle "EXT 2024"]
[Source "ChessBase"]
[SourceDate "2023.10.10"]
[SourceVersion "1"]
[SourceVersionDate "2023.10.10"]
[SourceQuality "1"]

1. d4 d5 2. Nf3 Nf6 3. Nc3 e6 4. e3 Be7 5. Bd3 Nbd7 6. h3 0-0 7. 0-0 c5 8. Be2 b6 9. b3 Bb7 10. Bb2 Rc8 11. dxc5 Nxc5 12. Nb5 a6 13. Nbd4 Bd6 14. Nh2 Bb8 15. Ng4 Nxg4 16. Bxg4 Qc7 17. f4 Rcd8 18. Rc1 Rfe8 19. Ne2 Qe7 20. Ng3 f6 21. Qd4 e5 22. Qb4 exf4 23. Nf5 Qc7 24. exf4 Re4 25. Qd2 Rxf4 26. Rxf4 Qxf4 27. Qxf4 Bxf4 28. Re1 Ne4 29. Ne7+ Kf7 30. Ba3 g6 31. c4 d4 32. Nd5 Bxd5 33. cxd5 Be3+ 34. Kh2 Rxd5 35. g3 Ra5 36. Bb4 Rxa2+ 37. Re2 Rxe2+ 38. Bxe2 a5 39. Ba3 Nf2 40. Kg2 d3 41. Kf3 dxe2 42. Kxe2 Bd4 0-1

[Event "Medellin Easter op"]
[Site "Medellin"]
[Date "2015.??.??"]
[Round "8"]
[White "Arboleda Orozco, Juan M"]
[Black "Toro Cadavid, John Edison"]
[Result "1/2-1/2"]
[WhiteElo "1904"]
[BlackElo "2109"]
[PlyCount "47"]
[EventDate "2015.04.01"]
[EventType "swiss"]
[EventRounds "9"]
[EventCountry "COL"]
[SourceTitle "CBM 165 Extra"]
[Source "ChessBase"]
[SourceDate "2015.04.21"]
[SourceVersion "1"]
[SourceVersionDate "2015.04.21"]
[SourceQuality "1"]

1. e4 c5 2. Nf3 Nc6 3. d4 cxd4 4. Nxd4 Nf6 5. Nc3 e5 6. Ndb5 d6 7. Bg5 a6 8. Na3 b5 9. Nd5 Be7 10. Bxf6 Bxf6 11. c4 b4 12. Nc2 0-0 13. g3 Bg5 14. h4 Bh6 15. g4 Bf4 16. Qf3 Rb8 17. b3 Be6 18. Nxf4 exf4 19. Qxf4 Ne5 20. Be2 Bxg4 21. Ne3 f5 22. exf5 Bxe2 23. Kxe2 Qd7 24. Rhg1 1/2-1/2

[Event "Medellin Easter op"]
[Site "Medellin"]
[Date "2015.??.??"]
[Round "2"]
[White "Ruiz Agudelo, Santiago"]
[Black "Toro Cadavid, John Edison"]
[Result "1/2-1/2"]
[WhiteElo "1726"]
[BlackElo "2109"]
[PlyCount "55"]
[EventDate "2015.04.01"]
[EventType "swiss"]
[EventRounds "9"]
[EventCountry "COL"]
[SourceTitle "CBM 165 Extra"]
[Source "ChessBase"]
[SourceDate "2015.04.21"]
[SourceVersion "1"]
[SourceVersionDate "2015.04.21"]
[SourceQuality "1"]

1. e4 c5 2. Nf3 Nc6 3. d4 cxd4 4. Nxd4 Nf6 5. Nc3 e5 6. Ndb5 d6 7. Bg5 a6 8. Na3 b5 9. Nd5 Be7 10. Bxf6 Bxf6 11. c4 b4 12. Nc2 0-0 13. Ncxb4 Nxb4 14. Nxb4 Qa5 15. Qd2 Be6 16. Nd5 Bd8 17. a3 Qa4 18. Bd3 Rb8 19. b4 f5 20. exf5 Bxd5 21. Bc2 Qc6 22. Qxd5+ Qxd5 23. cxd5 a5 24. Rb1 axb4 25. axb4 Rxb4 26. Rxb4 Ba5 27. Ke2 Bxb4 28. Rb1 1/2-1/2

[Event "Medellin IRT op"]
[Site "Medellin"]
[Date "2012.08.07"]
[Round "8"]
[White "Toro Cadavid, John Edison"]
[Black "Laverde, Luis Eduardo"]
[Result "0-1"]
[WhiteElo "1665"]
[BlackElo "2118"]
[PlyCount "82"]
[EventDate "2012.08.03"]
[EventType "swiss"]
[EventRounds "9"]
[EventCountry "COL"]
[SourceTitle "CBM 149 Extra"]
[Source "ChessBase"]
[SourceDate "2012.08.24"]
[SourceVersion "1"]
[SourceVersionDate "2012.08.24"]
[SourceQuality "1"]

1. e4 d5 2. exd5 Qxd5 3. Nc3 Qa5 4. d4 c6 5. Bc4 Nf6 6. Bd2 Qb6 7. Nge2 Bg4 8. f3 Bh5 9. g4 Bg6 10. h4 h6 11. Nf4 Bh7 12. Qe2 g5 13. Ng2 Nbd7 14. 0-0-0 Rg8 15. Rde1 Rg7 16. hxg5 hxg5 17. Bb3 0-0-0 18. Qc4 e6 19. Be3 Qc7 20. Qa4 a6 21. Rh3 Nb6 22. Qa5 Nfd5 23. Nxd5 cxd5 24. Reh1 Bg8 25. Qd2 f6 26. Rh6 Be7 27. f4 gxf4 28. Bxf4 Qc6 29. Qe2 Nc4 30. R6h3 b5 31. a4 Kb7 32. Ne3 e5 33. dxe5 fxe5 34. axb5 axb5 35. Nxc4 dxc4 36. Bxe5 Bg5+ 37. Kb1 Rgd7 38. Ba2 Rd2 39. Qf1 Qd5 40. Rh7+ Bxh7 41. Rxh7+ Ka6 0-1

[Event "Medellin IRT op"]
[Site "Medellin"]
[Date "2012.08.06"]
[Round "6"]
[White "Toro Cadavid, John Edison"]
[Black "Martinez, Jorge Alexander"]
[Result "0-1"]
[WhiteElo "1665"]
[BlackElo "2197"]
[PlyCount "46"]
[EventDate "2012.08.03"]
[EventType "swiss"]
[EventRounds "9"]
[EventCountry "COL"]
[SourceTitle "CBM 149 Extra"]
[Source "ChessBase"]
[SourceDate "2012.08.24"]
[SourceVersion "1"]
[SourceVersionDate "2012.08.24"]
[SourceQuality "1"]

1. e4 c5 2. Nf3 e6 3. d4 cxd4 4. Nxd4 a6 5. Bd3 Nf6 6. 0-0 Qc7 7. Nd2 b6 8. Kh1 Bb7 9. f4 d6 10. Qe2 Nbd7 11. N2f3 h5 12. e5 Ng4 13. f5 Ndxe5 14. fxe6 f6 15. Bf4 Be7 16. Be4 g5 17. Bxe5 dxe5 18. Bg6+ Kf8 19. Nf5 e4 20. Rad1 exf3 21. gxf3 Rd8 22. Nxe7 Rxd1 23. Rxd1 Bxf3+ 0-1

[Event "Medellin IRT op"]
[Site "Medellin"]
[Date "2012.08.04"]
[Round "3"]
[White "Lopez, Jorge Mario"]
[Black "Toro Cadavid, John Edison"]
[Result "0-1"]
[WhiteElo "2040"]
[BlackElo "1665"]
[PlyCount "78"]
[EventDate "2012.08.03"]
[EventType "swiss"]
[EventRounds "9"]
[EventCountry "COL"]
[SourceTitle "CBM 149 Extra"]
[Source "ChessBase"]
[SourceDate "2012.08.24"]
[SourceVersion "1"]
[SourceVersionDate "2012.08.24"]
[SourceQuality "1"]

1. e4 e5 2. Nf3 Nf6 3. Nxe5 d6 4. Nf3 Nxe4 5. Nc3 Nxc3 6. dxc3 Be7 7. Be3 Nc6 8. Bd3 0-0 9. Qd2 Ne5 10. Nxe5 dxe5 11. 0-0-0 c6 12. Kb1 Be6 13. f4 Qa5 14. b3 exf4 15. Bxf4 Bf6 16. c4 Qxd2 17. Rxd2 Rad8 18. h3 c5 19. Rhd1 h6 20. c3 g5 21. Be5 Bxe5 22. Bh7+ Kxh7 23. Rxd8 Rxd8 24. Rxd8 Bf5+ 25. Kb2 Be4 26. g4 Bg2 27. a4 Kg6 28. Rg8+ Kf6 29. Rh8 Kg7 30. Re8 Bf4 31. a5 Bxh3 32. Re7 Bxg4 33. Rxb7 h5 34. Rxa7 h4 35. b4 h3 36. b5 h2 37. b6 h1Q 38. b7 Qc1+ 39. Ka2 Qc2+ 0-1